Statistics for Words In German

Click here to take the quiz!

General Stats

  • This quiz has been taken 45 times
    (34 since last reset)
  • The average score is 9 of 11

Answer Stats

HintAnswer% Correct
nonein
96%
hellohallo
88%
yesja
88%
good morningguten morgen
84%
mothermutter
84%
waterwasser
84%
breadbrot
80%
brotherbruder
76%
sisterschwester
76%
good afternoonguten tag
72%
fathervater
72%

Score Distribution

Percentile by Number Answered

Percent of People with Each Score

Your Score History

You have not taken this quiz since the last reset